El plan de marketing en la práctica./ (Registro nro. 9669)

Detalles MARC
000 -LEADER
fixed length control field 01676nam a2200217Ia 4500
005 - FECHA Y HORA DE LA ÚLTIMA TRANSACCIÓN
control field 20250611172425.0
008 - FIXED-LENGTH DATA ELEMENTS--GENERAL INFORMATION
fixed length control field 231006s9999 xx 000 0 und d
020 ## - INTERNATIONAL STANDARD BOOK NUMBER
International Standard Book Number 978-84-18944-28-4
040 ## - CATALOGING SOURCE
Original cataloging agency UPAN
Transcribing agency Biblioteca San Vicente
Description conventions RCAA75
041 ## - LANGUAGE CODE
Language code of text/sound track or separate title spa
082 ## - DEWEY DECIMAL CLASSIFICATION NUMBER
Classification number 658.8
Item number SA157p
año de publicación 2022
100 ## - MAIN ENTRY--PERSONAL NAME
Personal name Sainz de Vicuña Ancín, José María
Relator code aut.
245 #0 - TITLE STATEMENT
Title El plan de marketing en la práctica./
Statement of responsibility, etc José María Saínz de Vicuña Ancín
250 ## - EDITION STATEMENT
Edition statement 24º ed.
260 ## - PUBLICATION, DISTRIBUTION, ETC. (IMPRINT)
Place of publication, distribution, etc España:
Name of publisher, distributor, etc ESIC,
Date of publication, distribution, etc 2022
300 ## - PHYSICAL DESCRIPTION
Extent 540 p.;
Dimensions 28 cm.
505 ## - FORMATTED CONTENTS NOTE
Formatted contents note Parte I: Presentación general.<br/>Capitulo 1. Marketing y planificación. <br/>Capitulo 2. El plan de marketing dentro del proceso de planificación global.<br/>Capitulo 3. El plan de marketing.<br/>Parte II: Presentación de las fases de elaboración del plan de marketing "Paso a Paso" <br/>Capitulo 4. Primera etapa: Análisis de la situación.<br/>Capitulo 5. Segunda etapa: diagnostico de la situación. <br/>Capitulo 6. Tercera etapa: fijación de los objetivos de marketing (1º decisión estratégica de marketing).<br/>Capitulo 7. Cuarta etapa: Elección de las estrategias de marketing (y 2ª decisión estratégica de marketing).<br/>Capitulo 8. Quinta etapa: Decisiones operativas de marketing. <br/>Parte III: Aplicación del plan de marketing a otros sectores de actividad. <br/>Capitulo 9. Aplicación de la metodología de un plan de marketing a una empresa industrial.<br/>Capitulo 10. Aplicación de la metodología de un plan de marketing a una empresa de servicios.<br/>Capitulo 11. Requisitos para que un pln de marketing triunfe.
650 ## - SUBJECT ADDED ENTRY--TOPICAL TERM
Source of heading or term LEMB
Form subdivision Planificación
General subdivision Marketing
650 ## - SUBJECT ADDED ENTRY--TOPICAL TERM
Source of heading or term LEMB
General subdivision Marketing digital
942 ## - ADDED ENTRY ELEMENTS (KOHA)
Koha item type Libros
Source of classification or shelving scheme Dewey Decimal Classification
Existencias
Withdrawn status Lost status Source of classification or shelving scheme Damaged status Not for loan Collection code Home library Current library Date acquired Total Checkouts Full call number Barcode Date last seen Copy number Price effective from Koha item type
    Dewey Decimal Classification     Colección General Biblioteca UPAN San Vicente Biblioteca UPAN San Vicente 06/10/2023   658.8 SA157p 12004415 06/10/2023 01 06/10/2023 Libros
    Dewey Decimal Classification     Colección General Biblioteca UPAN San Vicente Biblioteca UPAN San Vicente 09/10/2023   658.8 SA157p 12004416 09/10/2023 02 09/10/2023 Libros
    Dewey Decimal Classification     Colección General Biblioteca UPAN San Vicente Biblioteca UPAN San Vicente 09/10/2023   658.8 SA157p 12004417 09/10/2023 03 09/10/2023 Libros